Normal view
MARC view
- Puri S D
Entry Personal Name
001 - CONTROL NUMBER
- control field: 109917
003 - CONTROL NUMBER IDENTIFIER
- control field: OSt
005 - DATE AND TIME OF LATEST TRANSACTION
- control field: 20230125043610.0
008 - FIXED-LENGTH DATA ELEMENTS
- fixed length control field: 230125|| aca||aabn | a|a d
040 ## - CATALOGING SOURCE
- Original cataloging agency: OSt
- Transcribing agency: OSt
100 ## - HEADING--PERSONAL NAME
- Personal name: Puri S D
670 ## - SOURCE DATA FOUND
- Source citation: Work cat.: (OSt)86583: Puri S D, Guide on Labour and Human Resources, Management Forms and Precedents, 2009